Catálogo
 En Linea

La utopia del reino de Dios : (Registro nro. 35652)

Detalles MARC
000 -CABECERA
campo de control de longitud fija 00598nam a2200169 u 4500
001 - NÚMERO DE CONTROL
campo de control 000036161
005 - FECHA Y HORA DE LA ÚLTIMA TRANSACCIÓN
campo de control 20200930074925.0
008 - DATOS DE LONGITUD FIJA--INFORMACIÓN GENERAL
campo de control de longitud fija 111221s1955 ve r 000 0 spa d
040 ## - FUENTE DE LA CATALOGACIÓN
Centro catalogador/agencia de origen DO-SdBNP
Lengua de catalogación spa
Centro/agencia transcriptor BNPHU
082 ## - NÚMERO DE LA CLASIFICACIÓN DECIMAL DEWEY
Número de clasificación xxxx
Número de documento/Ítem xxxx
100 1# - ENTRADA PRINCIPAL--NOMBRE DE PERSONA
Nombre de persona Ratto Ciarlo, José
9 (RLIN) 62200
245 13 - MENCIÓN DE TÍTULO
Título La utopia del reino de Dios :
Resto del título el hombre antiguo en busca de un estado ideal /
Mención de responsabilidad, etc. José Ratto Ciarlo.
260 ## - PUBLICACIÓN, DISTRIBUCIÓN, ETC.
Lugar de publicación, distribución, etc. Caracas :
Nombre del editor, distribuidor, etc. Ediciones Garrrido,
Fecha de publicación, distribución, etc. 1955.
300 ## - DESCRIPCIÓN FÍSICA
Extensión 416 p. ;
Dimensiones 24 cm.
590 ## - NOTA LOCAL (RLIN)
Nota local Perteneció a la biblioteca personal de Juan Isidro Jimenes Grullón
504 ## - NOTA DE BIBLIOGRAFÍA, ETC.
Nota de bibliografía, etc. Bibliografía : p. 399- 416

No hay ítems disponibles.

Con tecnología Koha